Mercury - Environmental aspects

Αποθηκεύτηκε σε:
Λεπτομέρειες βιβλιογραφικής εγγραφής
Συλλογικό Έργο: United Nations Environment Programme, International Labour Organisation, World Health Organization
Μορφή: Βιβλίο
Γλώσσα:English
Δημοσίευση: Geneva : World Health Organization, 1989
Σειρά:Environmental health criteria ; ; 86
Θέματα:
Ετικέτες: Προσθήκη ετικέτας
Δεν υπάρχουν, Καταχωρήστε ετικέτα πρώτοι!

MARC

LEADER 00000nam a2200000 i 4500
001 1/96745
008 941129s1989 eng d
020 |a 92-4-154286-1 
035 |l 10010298 
040 |a GR-MY-UA  |b gre  |e aacr 
041 0 |a eng 
082 0 |a 615.925663 
110 2 |a United Nations Environment Programme. 
245 1 0 |a Mercury - Environmental aspects /  |c Published under the joint sponsorship of the United Nations Environment Programme, the International Labour Organization, and the World Health Organization 
260 |a Geneva :   |b World Health Organization,   |c 1989 
300 |a 116 p.  |b tables 
490 1 |a Environmental health criteria  |v ; 86 
650 0 0 |a Mercury  |x Toxicology. 
710 2 |a International Labour Organisation. 
710 2 |a World Health Organization. 
830 0 |a Environmental health criteria ;  |v ; 86 
852 |a INST  |b LESVOS  |e 19941129  |h 615.925663 MER  |p 005100003312  |q 005100003312  |t BK  |y 0 
909 |a Λ  |b 027540